00626cam a22002294a 45000010009000000050017000090080041000260100017000670200015000840400018000990410008001170420008001250800010001330820018001431000007001611010008001682450080001765040066002569060045003229420012003679990017003791314045120180105044552.0030328s2004 nyua b 001 0 eng  a 2003048688 a0195167074 aDLCcDLCdDLC aeng apcc a302.200a302.2 ADL2211 a48 aPSI10aInterplay :cRonald B. Adler, Lawrence B. Rosenfeld, Russell F. Proctor II. aIncludes bibliographical references (p. 384-417) and indexes. a7bcbccorignewd1eocipf20gy-gencatlg 2ddccBK c39790d39790